| 000 | 00583nam a22002057a 4500 | ||
|---|---|---|---|
| 999 |
_c144 _d144 |
||
| 001 | 002375 | ||
| 003 | CoMeUDC002375 | ||
| 005 | 20181029210947.0 | ||
| 008 | 181029b ||||| |||| 00| 0 eng d | ||
| 020 | _a9789589918982 | ||
| 040 | _cCoMeUDC | ||
| 082 | _a303.4833 V436t | ||
| 245 |
_aTras el rostro del otr@ : _b¿Cacería manual o virtual? : un estudio de TIC en la UIE / Juan Gabriel Vélez Manco. |
||
| 300 |
_a121 p. _c30 cm |
||
| 650 | 0 |
_998 _aTIC |
|
| 650 | 0 |
_9101 _aSociedad de la Información |
|
| 650 | 0 |
_9100 _aElearning |
|
| 650 | 0 |
_999 _aHumanismo |
|
| 942 |
_2ddc _cBK |
||